| 000 | 01042nam a22002537a 4500 | ||
|---|---|---|---|
| 005 | 20170124102942.0 | ||
| 010 | _aB-151155 | ||
| 020 |
_c175.00 _a81854778910 |
||
| 035 | _aB-151155 | ||
| 037 | _bCen Lib/Ret | ||
| 040 |
_aDPL _bHN |
||
| 082 |
_a827 _bशुक्लवि |
||
| 100 |
_aशुक्ल, विनोद शंकर _94285 |
||
| 245 |
_aअस्पताल में लोकतंत्र / _cविनोद शंकर शुक्ल |
||
| 246 |
_aAspataal mei loktantra / _bVinod Shankar Shukla |
||
| 260 |
_aदिल्ली _bज्ञान भारती _c2004 |
||
| 270 |
_a4/14, रूप नगर _bदिल्ली _e110007 |
||
| 300 |
_ax, 166पृ. _c21सेमी (सजिल्द) |
||
| 650 |
_aहिंदी साहित्य _948552 |
||
| 650 |
_aनिबंध संग्रह _xव्यंग्य _948553 |
||
| 650 |
_aHindi Literature _948554 |
||
| 650 |
_aEssay Collection _xSquid _948555 |
||
| 942 |
_2ddc _cHN _h827 _mशुक्लवि |
||
| 999 |
_c112645 _d112645 |
||